PSA schedule of rates for decoration work (Record no. 103519)

MARC details
000 -LEADER
fixed length control field 00584cam a2200217 4500
001 - CONTROL NUMBER
control field ##L125948
008 - FIXED-LENGTH DATA ELEMENTS--GENERAL INFORMATION
fixed length control field 040426n2003 000 0 eng u
020 ## - INTERNATIONAL STANDARD BOOK NUMBER
International Standard Book Number 0117031946
035 ## - SYSTEM CONTROL NUMBER
System control number (Sirsi) u125948
041 0# - LANGUAGE CODE
Language code of text/sound track or separate title eng
050 04 - LIBRARY OF CONGRESS CALL NUMBER
Classification number 692.5 $2 18
110 2# - MAIN ENTRY--CORPORATE NAME
Corporate name or jurisdiction name as entry element Carillion Services
9 (RLIN) 3856
245 00 - TITLE STATEMENT
Title PSA schedule of rates for decoration work
250 ## - EDITION STATEMENT
Edition statement 7th ed.
260 ## - PUBLICATION, DISTRIBUTION, ETC.
Place of publication, distribution, etc. London
Name of publisher, distributor, etc. Stationery Office
Date of publication, distribution, etc. 2003
300 ## - PHYSICAL DESCRIPTION
Extent 63p.
Dimensions 30cm.
350 ## - PRICE (NR) (BK AM CF MU VM SE) [OBSOLETE]
Price 60
520 ## - SUMMARY, ETC.
Summary, etc. Supersedes sixth edition (ISBN 0117021571).
690 ## - LOCAL SUBJECT ADDED ENTRY--TOPICAL TERM (OCLC, RLIN)
Topical term or geographic name as entry element BUILT ENVIRONMENT-BUILDING COSTS
942 ## - ADDED ENTRY ELEMENTS (KOHA)
Suppress in OPAC 0
Holdings
Withdrawn status Lost status Source of classification or shelving scheme Damaged status Not for loan Home library Current library Shelving location Date acquired Cost, normal purchase price Total Checkouts Full call number Barcode Date last seen Copy number Cost, replacement price Price effective from Koha item type
    Dewey Decimal Classification     London London Books 21/06/2005 45.00   F692.5 PSA 30070883 06/08/2019 1 45.00 06/08/2019 Reference material